| 000 | 00935nam a2200289 a 4500 | ||
|---|---|---|---|
| 008 | |||
| 022 | _a1870372247 (pbk.) | ||
| 049 | _aMAIN | ||
| 090 |
_aTS1300 _bLI |
||
| 100 | _aLi, Y. | ||
| 245 | 4 |
_aThe Science of clothing comfort : _ba critical appreciation of recent developments / _cY. Li. |
|
| 260 |
_aManchester : _bThe Institute |
||
| 260 |
_aOxford : _bThe Textile Institute, _c2001. |
||
| 300 |
_a138 p. : _bill. ; _c25 cm. |
||
| 321 |
_aQuarterly, _b1969- |
||
| 362 | 1 | _aBegan with: Vol. 1, no. 1 (Mar. 1969). | |
| 440 | _aTextile progress, v. 31, no. 1/2, 2001. | ||
| 650 | 0 |
_aTextile industry _vPeriodicals. |
|
| 650 | 0 |
_aTextile fabrics _vPeriodicals. |
|
| 700 | _aLayton, J.M. | ||
| 710 | 2 | _aTextile Institute (Manchester, England) | |
| 907 |
_a.b10211032 _b29-08-12 _c21-08-06 |
||
| 003 | |||
| 005 | 20230123125442.0 | ||
| 040 | _cNUST | ||
| 942 |
_cBOOKS _kTS1300 _mLI |
||
| 999 |
_c141750 _d141750 |
||